Search the Library Catalogue
| 000 -LEADER | |
|---|---|
| fixed length control field | 00526nam a2200193Ia 4500 |
| 008 - FIXED-LENGTH DATA ELEMENTS--GENERAL INFORMATION | |
| fixed length control field | 210417s9999 xx 000 0 und d |
| 020 ## - INTERNATIONAL STANDARD BOOK NUMBER | |
| International Standard Book Number | 9788123923079 |
| -- | 8123923074 |
| 082 ## - DEWEY DECIMAL CLASSIFICATION NUMBER | |
| Classification number | 618.92 GUP |
| Item number | 22.618.92 GUP |
| 245 #0 - TITLE STATEMENT | |
| Title | Textbook of Pediatrics |
| Statement of responsibility, etc. | Textbook of Pediatrics |
| 250 ## - EDITION STATEMENT | |
| Remainder of edition statement | "xix, 636p. : ill. ; tables.; 26 cm . , hbk." |
| 260 ## - PUBLICATION, DISTRIBUTION, ETC. | |
| Place of publication, distribution, etc. | New Delhi |
| Name of publisher, distributor, etc. | CBS publishers & distributors pvt ltd |
| Date of publication, distribution, etc. | 2013 |
| 700 ## - ADDED ENTRY--PERSONAL NAME | |
| Personal name | "Gupta, Piyush" |
| Numeration | Piyush Gupta |
| Withdrawn status | Lost status | Source of classification or shelving scheme | Damaged status | Not for loan | Home library | Current library | Shelving location | Date acquired | Total Checkouts | Full call number | Barcode | Date last seen | Price effective from | Koha item type |
|---|---|---|---|---|---|---|---|---|---|---|---|---|---|---|
| Dewey Decimal Classification | Anna Centenary Library | Anna Centenary Library | 5TH FLOOR, B WING | 17.04.2021 | 618.92 GUP | 583615 | 17.04.2021 | 17.04.2021 | Books | |||||
| Dewey Decimal Classification | Anna Centenary Library | Anna Centenary Library | 13.01.2026 | 618.92 GUP | 13.01.2026 | 13.01.2026 | Books |